[Event "Corus"]
[Site "Wijk aan Zee"]
[Date "2009.01.30"]
[Round "11"]
[White "Morozevich, Alexander"]
[Black "Carlsen, Magnus"]
[Result "1/2-1/2"]
[WhiteElo "2771"]
[BlackElo "2776"]
[Annotator "ChessBase"]
[PlyCount "82"]
[EventDate "2009.01.17"]
[EventType "tourn"]
[EventRounds "13"]
[EventCountry "NED"]
[EventCategory "19"]
[SourceTitle "CBM 129"]
[Source "ChessBase"]
[SourceDate "2009.03.25"]
[SourceVersion "1"]
[SourceVersionDate "2009.03.25"]
[SourceQuality "1"]

1. d4 Nf6 2. c4 e6 3. Nc3 Bb4 4. Qc2 {This move was first used at the top levelnby Alekhine. The idea is to force the exchange on c3, without incurring doubled pawns. The drawback of the move is White's slight deficit in development. The particular interest of this game is that both players have used the line successfully in the past, and have contributed to the theory of the line. So a couple of world experts are meeting!} d5 {The most straightforwa rd answer. Black tries to open the centre and create complications, as soon as possible. His king is ready to escape to the kingside, whereas the white monarch will have to remain uncastled for some time.} 5. a3 {White carries out the classical idea.} Bxc3+ ({If} 5... Be7 $6 6. cxd5 exd5 7. Bg5 {we reach an Exchange QGD, with White having the extremely useful extra move a2-a3.}) 6. Qxc3 Ne4 ({A no less sharp struggle arises after} 6... c5 7. dxc5 d4 {and now the world's grandmasters are unable to agree on the best retreat forthe queen - c2 or g3.}) 7. Qc2 c5 {The consistent follow-up.} 8. dxc5 Nc6 {The only way! The number of pawns does not yet play a great role. The important thing is to bring the pieces into play as quickly as possible. Now is an important moment - should White exchange pawns on d5 or not? The further character of the battle will depend on this decision.} 9. cxd5 {The most aggressive, and also riskiest continuation! White opens the path of the c8 bishop, but strengthens his extra pawn.} ({Heavy simplifications result from} 9. e3 Qa5+ 10. Bd2 Nxd2 11. Qxd2 dxc4 12. Qxa5 Nxa5 13. Rc1 b5 14. cxb6 Bb7 {and Black has enough initiative for the pawn. The analyses of the leading specialists in the line lead to a draw, on practically an empty board.}) 9... exd5 ({Not} 9... Qxd5 $2 10. Be3 $1) 10. e3 {As can be seen, White has so far developed only his queen. Black has both knights on good central squares, he is ready to castle, and his bishop will soon come to f5.His development lead threatens to assume alarming proportions. But in modern chess, such general considerations and fierce words do not play a great role. Concrete analysis determines everything.} Bf5 (10... Qa5+ {is now out of fashion, thanks to the exchange sacrifice seen inKazimdzhanov-Kar pov, Spain 2007:} 11. b4 $1 Nxb4 12. axb4 Qxa1 13. Bb5+ Kf8 14. Ne2 {and whatev er the computer might say, humans know that White's position is much easier to play.}) (10... Qf6 {was tried in a game Carlsen-Polgar, from Wijk aan Zee 2008, but without success:} 11. f3 $1 Qh4+ 12. g3 Nxg3 13. Qf2 Nf5 14. Qxh4 Nxh4 15. b4 a6 16. Kf2 Ne5 17. Bb2 f6 18. Rd1 Be6 19. Ne2 Bf7 20. Rg1 Nc4 21. Bc1 g5 22. Nc3 O-O-O 23. e4 $1 {and the white bishops destroyed Black.}) 11. Bd3 O-O ({As on the previous move,} 11... Qa5+ {is again met by} 12. b4 Nxb4 13. axb4 Qxa1 14. Ne2 {For example,} Bd7 15. f3 Ba4 16. Qb2 Qxb2 17. Bxb2 Nf6 18. Nd4 Bd7 19. b5 Rc8 20. Ba3 a6 21. bxa6 bxa6 22. Kd2 Bb5 23. Bxb5+ axb5 24. c6 Kd8 25. Rc1 {and Black could not contain his opponent's initiative. Drozdovskij-Brodsky Poltava 2008}) 12. Nf3 Qa5+ 13. Nd2 ({Necessary. Now after} 13. b4 Nxb4 14. axb4 Qxa1 15. Nd4 {(which nobody has played), there follows a nice exchange of tactical blows:} Ng3 $1 16. Nb3 $1 Qa6 $1 {with, as they say, "a complicated struggle"!}) 13... Nxd2 14. Bxd2 Bxd3 15. Qxd3 Qxc5 16. Rc1 ({Novelty. Sasha improves on his own play. In an earlier round at Wijk an Zee, the game Morozevich-Adams went} 16. Bc3 d4 17. Bxd4 Nxd4 18. Qxd4 Qb5 19. O-O-O Qf5 20. e4 Qg5+ 21. Kb1 Rad8 22. f4 Rxd4 23. fxg5 Rxe4 24. Rd7 Rg4 25. g3 Rxg5 26. Rxb7 a5 {and Black equalized.}) 16... Qb6 17. O-O $146 {I like Morozevich's idea. There is harmony in his ranks. Taking on b2 is clearly not good, since the white rook gets to b7.} ({RR} 17. Bc3 Rad8 18. Bd4 Nxd4 19. Qxd4 Qxd4 20. exd4 Rfe8+ 21. Kd2 Re7 22. Rc2 f6 23. Rhc1 Kf7 24. Rc7 Rde8 25. a4 Ke6 26. Re1+ Kd6 27. Rexe7 Rxe7 28. Rxe7 Kxe7 29. Kc3 a5 {½-½ (29) Ivanisevic,I (2643)-Lenic,L (2624) Bled 2016}) 17... Rad8 (17... d4 {does not equalize. I would then suggest} 18. b4 {After exchanges in the centre, White retains some initiative.}) 18. f4 {But what is this? The move looks antipositional, weakening the square e4 and the pawn on e3. But how can Black exploit this? maybe he can't! Meanwhile, the advance of the pawn to f4 has a concrete idea, namely to eprive the black knight on the e5 square, via which it can get to c4 after b2-b4. So maybe my first reaction was too emotional. Probably Sasha doid not invent this idea over the board, but found it at home, so it needs to be taken seriously.} Rfe8 ({After} 18... d4 19. e4 $1 {the f4-pawn would be doubly useful.}) 19. b4 {Correct. The black knight is restricted on all sides. White's play looks a bit od, but I have already said that general cosndierations nowadays play less of a role than specifics. We will see what transpires... Magnus is thinking hard. He has made all the obvious moves and now needs to find a plan. One idea for White is Rf3-h3.} h6 ({My previous note explains this move. I also looked at the direct attempt to bring the knight to f5:} 19... Ne7 20. Rf3 Qe6 21. f5 (21. Rc7 Qb6 22. Rc1 Qe6) 21... Qe4 22. Qf1 {an then the rook will go to f4, the queen to d3, and a complicate struggle ensues, which is hard to judge.}) ({The prospect of the white bishop coming to c3 makes me think alos about} 19... f6 {followed by Nc6-e7 and Qb6-e6.}) 20. h3 {Giving up on Rh3 as an idea, but making luft and waiting to see what Black will do.} a6 ({Black also waits. Less beliigerant grandmasters might play} 20... Ne7 21. Bc3 Nc6 $1 22. Bd2 Ne7 23. Bc3 Nc6 {and shake hands.}) 21. Rc5 {White returns to the strategy of pressure in the centre. Black must be tied down to the d5 pawn, reducing his conyrol over d4, and only then will White seek a target on one flank or other.} a5 {A logical response. The rook on c5 prevents the natural reply b4-b5, so the b4 pawn becomes a target for Black.} 22. Rfc1 ({The centre of the battle shifts to the queenside. Winning a pawn by} 22. Rb5 Qa6 23. bxa5 {allows the counterblow} d4 24. e4 Na7 25. Rb3 (25. a4 Nxb5 26. axb5 Qe6 {hardly offers sufficient compensation.}) 25... Qxd3 26. Rxd3 Rxe4 27. Rb1 Rd7 {and Black has nothing to complain about.}) 22... axb4 23. axb4 Re4 {Carlsen counterattacks decisively. The b4 pawns can not escape the attention it has attracted from the black pieces. Magnus ignores the threat to the d5 pawn, because he sees the counter-threat against e3.} 24. Kh2 (24. Rxd5 Rxd5 25. Qxd5 Rxe3 $1 (25... Rxb4 {is also not bad, eg.} 26. Kh2 (26. Bxb4 $4 Qxe3+) 26... Rb1 27. Rc4 Qb3 {again forcing exchanges.}) 26. Rc5 (26. Bxe3 $4 Qxe3+ 27. Kh1 Qxc1+) 26... Re8 27. Bc3 Rd8 28. Qe4 Qc7 29. b5 Qd6 {equalizes completely.}) 24... Rc4 $1 ({Yet another cunning move by the Norwegian. This time, the target is the bishop on d2, which is being x-rayed by the rook on d8. Unfortunately, barring something remarkable, the next few moves are likely to see a total simplification of the position. The only hope is Morozevich's unquenchable fighting spirit! Less convincing is} 24... Nxb4 {because White does not have to exchange minor pieces. He can play} 25. Qb3 {with an unpleasant pin.} ({or} 25. Qb1 {I am not sure which is better.})) 25. R1xc4 ({What else can one play, if all other moves favour Black? For example, after} 25. R5xc4 dxc4 26. Qe2 Qa6 {Black defends the c4 pawn, because of} 27. Rxc4 $2 Rxd2 $1) 25... dxc4 26. Qe2 Nxb4 27. Rxc4 ({Sasha avoids exchanges. And not without reason. After} 27. Bxb4 Qxb4 28. Rxc4 (28. Qxc4 Qxc4 29. Rxc4 b5 $1) 28... Qe7 {the outside passed b-pawn gives Black grounds to play for a win.}) 27... Nd3 {However, now the knight will be very strong. With its support, the passed pawn can reach b4 or b2. For the moment, this is still something of a dream, but grandmasters make a living by dreaming of the distant future...} 28. Rd4 {[%eval 49,0] Realising the danger, Sasha hurries to restore the game to drawish channels. The clock times are now 0.19 -} Rxd4 ({Trying to transfer the knight to e6 can also bring problems to Black, as White activates his pieces by} 28... Nc5 29. Bc3 {whilst he can eliminate the e6 outpost at any moment by f4-f5.}) 29. exd4 Qxd4 ({A white-square blockade by} 29... Qb5 {fails because of the bad position of the knight:} 30. Qe4 $1 {and it cannot be brought to d5.}) 30. Qe8+ Kh7 31. Qxf7 Qe4 ({A last attempt to impose some control. Pushing the b-pawn results in its loss:} 31... b5 $2 32. Qf5+) 32. f5 {This counterattack saves White.} Qe5+ ({Now} 32... b5 {is met by} 33. Bc3 {and winning the bishop leads to perpetual:} Qf4+ 34. Kh1 Qc1+ 35. Kh2 Qxc3 36. Qg6+ Kg8 37. Qe8+ {etc.}) ({whilst the variation} 32... Nf4 33. Bxf4 Qxf4+ 34. Kg1 Qc1+ 35. Kh2 Qc6 {gets nowehere because of the blow} 36. f6 $1 Qxf6 37. Qxb7) 33. Kh1 {The only remaining question is who will give the perpetual check.} Nf2+ 34. Kg1 Ne4 (34... Nxh3+ 35. gxh3 Qd4+ 36. Kf1 Qxd2 37. Qg6+ Kg8 38. Qe8+ {ends in the same perpetual.}) 35. Bf4 ({The same idea - deflecting the queen from covering e8. But it was not yet time for the flashy} 35. Bxh6 $2 {because of} Qd4+ 36. Kh1 Qd1+ 37. Kh2 Qd6+) 35... Qd4+ 36. Kh2 Nf6 37. Bxh6 Qe5+ 38. Kh1 Qe1+ 39. Kh2 Ng4+ 40. hxg4 Qh4+ 41. Kg1 Qe1+ 1/2-1/2

[Event "12th Norway Chess 2024"]
[Site "Stavanger NOR"]
[Date "2024.06.03"]
[Round "7.1"]
[White "Nakamura, Hi"]
[Black "Carlsen, M.."]
[Result "1/2-1/2"]
[WhiteElo "2794"]
[BlackElo "2830"]
[PlyCount "39"]
[EventDate "2024.05.27"]

1. d4 Nf6 2. c4 e6 3. Nc3 Bb4 4. f3 d5 5. a3 Bxc3+ 6. bxc3 c5 7. cxd5 Nxd5 8. dxc5 Qa5 9. e4 Ne7 10. Be3 ({RR} 10. Qb3 O-O 11. a4 Nec6 12. Bb5 e5 13. Ne2 Be6 14. Bc4 Bxc4 15. Qxc4 Nd7 16. Be3 Rac8 17. O-O Qc7 18. Rfd1 Na5 19. Qb5 Nxc5 20. Rd5 b6 21. Bxc5 bxc5 22. Rad1 g6 23. h4 h5 24. Rd7 Qb6 {Erigaisi,A (2727)-Aronian,L (2723) Samarkand UZB 2023 0-1 (51)}) 10... O-O 11. Qd2 ({RR} 11. h4 Rd8 12. Qb3 Qc7 13. h5 h6 14. Bb5 Nd7 15. Bxd7 Bxd7 16. Ne2 Nc6 17. Nf4 Na5 18. Qb4 Nc6 19. Qb3 Na5 20. Qb4 Nc6 21. Qb3 {½-½ (21) Keymer,V (2721)-Martirosyan,H (2661) Biel SUI 2024}) 11... Rd8 12. Qb2 Na6 $146 ({RR} 12... e5 13. Bc4 Na6 14. Ne2 Nxc5 15. Qb4 Nd3+ 16. Bxd3 Qxb4 17. axb4 Rxd3 18. Rxa7 Rxa7 19. Bxa7 Be6 20. Kf2 Bc4 21. Be3 f5 22. Bg5 Kf7 23. Bxe7 Kxe7 24. exf5 Rd2 25. Re1 Kf6 26. g4 Rc2 27. h4 {Grover,S (2485)-Prince,B (2227) Al Ain 2013 ½-½ (40)}) 13. Nh3 e5 14. Nf2 Be6 15. Nd3 Qc7 16. Qb5 Bd7 17. Qb2 Be6 18. Qb5 Bd7 19. Qb2 Be6 20. Qb5 1/2-1/2

[Event "Zuerich Chess Challenge"]
[Site "Zuerich"]
[Date "2014.02.01"]
[Round "3"]
[White "Nakamura, Hikaru"]
[Black "Carlsen, Magnus"]
[Result "0-1"]
[WhiteElo "2789"]
[BlackElo "2872"]
[Annotator "Krasenkow,Michal"]
[PlyCount "122"]
[EventDate "2014.01.30"]
[EventType "tourn"]
[EventRounds "5"]
[EventCountry "SUI"]
[EventCategory "22"]
[SourceTitle "CBM 159"]
[Source "ChessBase"]
[SourceDate "2014.03.17"]
[SourceVersion "1"]
[SourceVersionDate "2014.03.17"]
[SourceQuality "1"]

1. d4 Nf6 2. c4 e6 3. Nc3 Bb4 4. f3 d5 5. a3 Be7 6. e4 dxe4 7. fxe4 e5 8. d5 Bc5 9. Bg5 (9. Nf3 {is more common.}) 9... O-O (9... h6 {is usually played here. An old example:} 10. Bh4 Bd4 11. Nf3 Bxc3+ 12. bxc3 Qd6 13. Bd3 Nbd7 14. O-O O-O 15. Kh1 Nc5 16. Qe2 Bg4 17. Qe3 Nfd7 18. Bg3 Bxf3 {1/2 (18) Moskalenko,V (2500)-Chekhov,V (2480) Leningrad 1989}) 10. Nf3 Bg4 {Black has a different concept. Anticipating White's long castling, he doesn't want to weaken his queenside by means of ...h7-h6. However, the present game shows that it is not easy to equalise in any case.} (10... h6 11. Bh4 Bg4 12. Bd3 (12. h3 $5) 12... Nbd7 13. h3 Bxf3 14. Qxf3 c6 15. O-O-O Bd4 16. Ne2 Qb6 17. Nxd4 exd4 18. Bxf6 Nxf6 19. e5 cxd5 20. exf6 dxc4 21. fxg7 Rfc8 22. Bf5 c3 23. Qf2 cxb2+ 24. Kb1 Rc3 25. Rd3 $18 {1-0 (47) Yakimenko,A (2178)-Stojcevski,Z (2352) Sunny Beach 2011}) (10... a5 $5 11. Qd2 Qd6 12. Be3 $6 (12. O-O-O) 12... Na6 13. Bd3 Bd7 14. O-O Qb6 15. Rae1 Ng4 $36 {0-1 (57) Kantorik,M (2289)-Solodovnichenko,Y (2430) Zvolen 2000}) 11. h3 Bxf3 12. Qxf3 Nbd7 (12... Bd4 13. Ne2 $1 Bxb2 $140 $6 14. Ra2 Bd4 15. Nxd4 exd4 16. e5 $16) 13. O-O-O Bd4 14. Ne2 $1 {[%mdl 4]} c5 (14... Nc5 $4 15. Nxd4 exd4 16. e5 h6 17. Bxf6 gxf6 18. exf6 {1-0 (18) Petrosian,K (2340)-Suess,M Budapest 1990}) ({But perhaps it was better to refrain from the text move keeping a possibility to play ...c7-c6 later on:} 14... Re8 {Black even sacrifices a pawn but obtains the e5-square if White takes on d4:} 15. Nxd4 (15. Kb1 c6 $1) 15... exd4 16. Rxd4 Qe7 17. Bd3 $140 Ne5 18. Qe3 c5 19. dxc6 bxc6) 15. g4 a5 $146 (15... a6 $1 {[%cal Yb7b5,Ya8b8] was now a must.}) ({RR} 15... a6 16. Ng3 b5 17. Nf5 Qb6 18. Rh2 h6 19. Bh4 Nh7 20. Bd3 Rab8 21. Rdd2 Rfe8 22. Ne7+ Rxe7 23. Bxe7 Ndf8 24. Rdf2 f6 25. h4 Ng6 26. d6 Nxe7 27. dxe7 Qe6 28. Rc2 b4 29. axb4 Rxb4 30. Qf5 {Piesik,P (2403)-Mikrut,D (2382) Slovakia 2020 ½-½ (43)}) ({RR} 15... a6 16. Ng3 b5 17. Nf5 Qb6 18. Rh2 h6 19. Bh4 Nh7 20. Bd3 Rab8 21. Rdd2 Rfe8 22. Ne7+ Rxe7 23. Bxe7 Ndf8 24. Rdf2 f6 25. h4 Ng6 26. d6 Nxe7 27. dxe7 Qe6 28. Rc2 b4 29. axb4 Rxb4 30. Qf5 {Piesik,P (2403)-Mikrut,D (2382) Slovakia 2020 ½-½ (43)}) 16. Kb1 Ra6 17. Ng3 {[%mdl 128] Suddenly it turns out that Black can hardly develop his attack since he can't push ...b7-b5. Meanwhile, White's assault goes slowly but smoothly.} g6 $6 {This weakening move makes White's attack unstoppable. It was better to refrain from it, even allowing White's knight will a powerful position on f5:} (17... Rb6 {is useless, e.g.} 18. Rh2 a4 19. h4 Rb3 20. Rd3) (17... a4 $142 18. Nf5 Qa5 19. Rh2 Rb6 {[%cal Rb6b3]} 20. Bc1 $140 Ne8 $1 {[%cal Ye8d6]}) 18. h4 a4 19. Rh2 (19. Bh6 Ne8 (19... Re8 $2 20. g5 Nh5 21. Nxh5 gxh5 22. Bh3) 20. Bxf8 Rf6 21. Qd3 Kxf8 {wins an exchange but White wants more.}) 19... Qa5 20. Bd2 Qc7 21. g5 Ne8 22. h5 Rb6 23. Bc1 Rb3 24. Qg4 Nb6 25. Be2 Nd6 26. Rdh1 Bxb2 {Desperation.} (26... Nbxc4 27. Bxc4 Nxc4 28. hxg6 fxg6 29. Qe6+ Qf7 30. Rxh7 $1 Qxe6 31. dxe6 $18) 27. Bxb2 Nbxc4 28. Bxc4 Nxc4 29. hxg6 Qb6 $1 {[%mdl 256] Magnus Carlsen finds the most stubborn defence. It is not easy for White to find the decisive blow over the board.} 30. g7 (30. gxf7+ $142 $1 Rxf7 31. Nh5 $1 Rxb2+ 32. Ka1 Rxh2 33. Nf6+ Kg7 34. Rxh2 $18 {(K.Landa)}) 30... Rd8 31. Qh4 Rxb2+ 32. Ka1 Rxh2 33. Rxh2 Qg6 34. Nf5 Re8 35. Qg4 {[%mdl 64] White fails to find the winning idea:} (35. Qf2 b6 (35... Nd6 36. Rh6) 36. Rxh7 $1 Qxh7 37. Nh6+ $18) 35... Qb6 36. Qh3 (36. g6 $1 Qxg6 (36... fxg6 37. Nh6+ Kxg7 38. Qd7+) 37. Qh3 $18 {[%cal Rh2g2]}) 36... Qg6 37. d6 $2 {Wrong!} (37. Qf3 $1 {[%cal Rh2h7] was still good enough.}) 37... Nxd6 $8 38. Nxd6 Rd8 $1 39. Nc4 $2 (39. Nc8 $3 Kxg7 40. Ne7 Rd1+ 41. Ka2 Qe6+ (41... Qb6 42. Qxh7+ Kf8 43. Qh6+) (41... Qxg5 42. Nf5+ Kf8 43. Ne3) 42. Qxe6 fxe6 43. Rh6 {still gave White some winning chances but Hikaru Nakamura had no chances to find such niceties that day.}) 39... Qxe4 40. Qh5 $4 (40. Ne3 $13) 40... Rd3 $1 {Black starts a decisive counter-attack.} 41. Rh4 Qf5 42. Qe2 b5 43. Nd2 Qxg5 (43... Rxa3+ 44. Kb2 Rg3 {was even stronger but the World Champion correctly judges that his pawn avalanche will be much stronger than White's knight anyway.}) 44. Qxd3 Qxh4 45. Ne4 Kxg7 46. Qf3 (46. Qd5 Qf4 47. Nxc5 Qd4+ $19 {}) 46... Qf4 47. Qg2+ Kf8 48. Kb2 h5 49. Nd2 h4 50. Kc2 b4 51. axb4 cxb4 52. Qa8+ Kg7 53. Qxa4 h3 54. Qb3 h2 55. Qd5 e4 56. Qh5 e3 57. Nf3 e2 58. Kb3 f6 59. Ne1 Qg3+ 60. Ka4 Qg1 61. Qxe2 Qa7+ 0-1

[Event "Norway Chess 2024"]
[Site "Stavanger, Norway"]
[Date "2024.06.03"]
[Round "13.1"]
[White "Nakamura, Hikaru"]
[Black "Carlsen, Magnus"]
[Result "1/2-1/2"]
[WhiteElo "2794"]
[BlackElo "2830"]
[Annotator "Stockfish 16.1 - Chessbase"]
[PlyCount "39"]
[EventDate "2024.??.??"]

1. d4 {[%eval 17,0]} Nf6 {[%eval 17,0]} 2. c4 {[%eval 21,0]} e6 {[%eval 21,0]} 3. Nc3 {[%eval 18,0]} Bb4 {[%eval 17,0]} 4. f3 {[%eval 6,0]} d5 {[%eval 1,0]} 5. a3 {[%eval 8,0]} Bxc3+ {[%eval 12,0]} 6. bxc3 {[%eval 1,0]} c5 {[%eval 8,0]} 7. cxd5 {[%eval 1,0]} Nxd5 {[%eval 19,0]} 8. dxc5 {[%eval 21,0]} Qa5 {[%eval 12,0]} 9. e4 {[%eval 18,0]} Ne7 {[%eval 15,0]} 10. Be3 {[%eval 15,0]} ({RR} 10. Qb3 O-O 11. a4 Nec6 12. Bb5 e5 13. Ne2 Be6 14. Bc4 Bxc4 15. Qxc4 Nd7 16. Be3 Rac8 17. O-O Qc7 18. Rfd1 Na5 19. Qb5 Nxc5 20. Rd5 b6 21. Bxc5 bxc5 22. Rad1 g6 23. h4 h5 24. Rd7 Qb6 {0-1 Erigaisi,A (2727)-Aronian,L (2723) World Blitz 2023 Samarkand UZB (20.5)}) ({RR} 10. Qb3 O-O 11. a4 Nec6 12. Bb5 e5 13. Ne2 Be6 14. Bc4 Bxc4 15. Qxc4 Nd7 16. Be3 Rac8 17. O-O Qc7 18. Rfd1 Na5 19. Qb5 Nxc5 20. Rd5 b6 21. Bxc5 bxc5 22. Rad1 g6 23. h4 h5 24. Rd7 Qb6 {Erigaisi,A (2727)-Aronian,L (2723) Samarkand UZB 2023 0-1 (51)}) 10... O-O $146 {[%eval 14,0]} ({RR} 10... Nd7 11. Qb3 O-O 12. Bb5 Nc6 13. Bxc6 bxc6 14. Qb4 Qc7 15. Ne2 Ba6 16. c4 Ne5 17. Qc3 Nxc4 18. Bf4 e5 19. Bg3 Qe7 20. Kf2 Qxc5+ 21. Ke1 Rfd8 22. Rc1 Rab8 23. Bf2 Qe7 24. Ng3 Nb2 25. Nf5 {0-1 Parra Gomez,A (2208)-Masruri,R (2281) Titled Tue 23rd Jan Early chess.com INT 2024 (2)}) 11. Qd2 {[%eval 13,0]} ({RR} 11. h4 Rd8 12. Qb3 Qc7 13. h5 h6 14. Bb5 Nd7 15. Bxd7 Bxd7 16. Ne2 Nc6 17. Nf4 Na5 18. Qb4 Nc6 19. Qb3 Na5 20. Qb4 Nc6 21. Qb3 {½-½ (21) Keymer,V (2721)-Martirosyan,H (2661) Biel SUI 2024}) 11... Rd8 {[%eval 26,0]} 12. Qb2 {[%eval 26,0]} Na6 $146 {[%eval 19,0]} ({RR} 12... e5 13. Bc4 Na6 14. Ne2 Nxc5 15. Qb4 Nd3+ 16. Bxd3 Qxb4 17. axb4 Rxd3 18. Rxa7 Rxa7 19. Bxa7 Be6 20. Kf2 Bc4 21. Be3 f5 22. Bg5 Kf7 23. Bxe7 Kxe7 24. exf5 Rd2 25. Re1 Kf6 26. g4 Rc2 27. h4 {Grover,S (2485)-Prince,B (2227) Al Ain 2013 ½-½ (40)}) 13. Nh3 {[%eval 0,0]} e5 {[%eval 0,0]} 14. Nf2 {[%eval 3,0]} Be6 {[%eval 1,0]} 15. Nd3 {[%eval 0,0]} Qc7 {[%eval 0,0]} 16. Qb5 {[%eval 0,0]} Bd7 {[%eval 0,0]} 17. Qb2 {[%eval 0,0]} Be6 {[%eval 0,0]} 18. Qb5 {[%eval 0,0]} Bd7 {[%eval 0,0]} 19. Qb2 {[%eval 0,0]} Be6 {[%eval 2,0]} 20. Qb5 {[%eval 0,0]} 1/2-1/2